Decretum Gratiani mandatum, et notationibus illustratum, unà cum glossis Gregorii XIII Pont. Max. iussu editum

Detalles Bibliográficos
Autor principal: Gratianus el canonista s. XII
Formato: Libro
Lenguaje:Latin
Publicado: Venetiis 1600
Edición:Nunc recens cum additionibus praeclarissimi iurisconsulti Domini Augustini Caravitae patriti ebolitani, et in Sacro Regio Cons. Neapolit. Consiliarii
Materias:
Colección:Banco de datos
Acervo:Biblioteca Armando Olivares Carrillo de la Universidad de Guanajuato. Fondo Conventos
Descripción Física:[44] h., 1020 p. 4°
Tema general:Derecho eclesiástico
Notas:Daños de humedad y en la encuadernación
LEADER 00805nam a22001930004500
035 |a 3406 
041 0 |a lat 
050 4 |a BR115.L28  |b G7 
100 1 |a Gratianus  |c el canonista  |d s. XII 
245 1 0 |a Decretum Gratiani mandatum, et notationibus illustratum, unà cum glossis Gregorii XIII Pont. Max. iussu editum  
250 |a Nunc recens cum additionibus praeclarissimi iurisconsulti Domini Augustini Caravitae patriti ebolitani, et in Sacro Regio Cons. Neapolit. Consiliarii 
260 |a Venetiis  |b apud Juntas  |c 1600 
300 |a [44] h., 1020 p.  |c 4° 
500 |a Daños de humedad y en la encuadernación 
650 1 0 |a Derecho eclesiástico 
949 |a CO. 6092 
942 |c GUANAJUATO 
943 |g Biblioteca Armando Olivares Carrillo de la Universidad de Guanajuato. Fondo Conventos 
999 |c 1147363  |d 1147363